Sports Quiz

Random Sports or MLB Quiz

Top 10 MLB Players At Each Position Quiz Stats

 Plays Quiz not verified by Sporcle

Challenge
Share
Tweet
Embed
Score 0/90 Timer 10:00
0 Plays Today
Position Player % Correct
CatcherBuster Posey
93.1%
CatcherSalvador Perez
82%
CatcherYadier Molina
79.4%
CatcherGary Sanchez
78.3%
1B/DHAnthony Rizzo
77%
2BJose Altuve
76.4%
3BKris Bryant
73.2%
1B/DHBrandon Belt
72.1%
1B/DHJoey Votto
71.7%
CFMike Trout
71.3%
3BManny Machado
69.1%
1B/DHFreddie Freeman
67%
CatcherRussell Martin
66.5%
3BNolan Arenado
66.5%
1B/DHMiguel Cabrera
66.3%
2BRobinson Cano
66.3%
SSCorey Seager
65.9%
1B/DHChris Davis
65.7%
3BKyle Seager
65.4%
SSFrancisco Lindor
65.2%
3BJustin Turner
63.7%
LFKhris Davis
63.7%
1B/DHPaul Goldschmidt
63.3%
3BJosh Donaldson
62.7%
SSTrea Turner
62.5%
CatcherYasmani Grandal
61.8%
RFBryce Harper
61.4%
3BAdrian Beltre
61.2%
SSCarlos Correa
61%
1B/DHEric Hosmer
60.1%
Position Player % Correct
1B/DHJose Abreu
59.4%
PitcherClayton Kershaw
59.2%
RFGiancarlo Stanton
58.8%
2BDustin Pedroia
53.6%
3BEvan Longoria
53.2%
2BDaniel Murphy
53%
2BBrian Dozier
52.6%
SSBrandon Crawford
51.7%
CFGeorge Springer
51.5%
2BRougned Odor
51.1%
CatcherBrian McCann
50.7%
CatcherJonathan Lucroy
49.4%
RFMookie Betts
49.4%
2BIan Kinsler
48.7%
1B/DHEdwin Encarnacion
48.3%
SSAddison Russell
47.8%
CatcherWilson Contreras
47.4%
CatcherJ.T. Realmuto
47%
PitcherChris Sale
46.4%
2BJason Kipnis
45.9%
3BAnthony Rendon
45.3%
PitcherMadison Bumgarner
44.6%
PitcherJon Lester
44.6%
LFYoenis Cespedes
44.2%
PitcherMax Scherzer
44%
SSTrevor Story
43.4%
PitcherCorey Kluber
43.1%
CFChristian Yelich
42.9%
LFRyan Braun
42.7%
CFCharlie Blackmon
42.5%
Position Player % Correct
2BBen Zobrist
41.9%
PitcherJake Arrieta
41.9%
SSXander Bogaerts
41.6%
SSTroy Tulowitzki
39.3%
RFJ.D Martinez
39.3%
SSElvis Andrus
39.1%
LFAlex Gordon
37.3%
RFJose Bautista
37.1%
RFNelson Cruz
36.9%
CFBilly Hamilton
36.7%
3BJake Lamb
36%
LFStarling Marte
35.6%
PitcherNoah Syndergaard
35.6%
LFBrett Gardner
35.4%
LFMarcell Ozuna
35.2%
CFJoc Pederson
34.6%
CFA.J Pollock
34.6%
PitcherJohnny Cueto
33.1%
RFCarlos Gonzalez
32.8%
RFHunter Pence
31.3%
LFJustin Upton
30.7%
PitcherKyle Hendricks
30.7%
2BDJ LeMahieu
29.6%
LFKyle Schwarber
28.7%
CFDexter Fowler
28.5%
LFMicahel Brantley
25.8%
CFKevin Kiermaier
25.3%
CFAdam Eaton
24.5%
RFKole Calhoun
23.4%
RFJason Hayward
14.2%

You're not logged in!

Compare scores with friends on all Sporcle quizzes.
Join for Free
OR
Log In

You Might Also Like...

Show Comments

Extras

Created Apr 10, 2017ReportNominate
Tags:MLB Quiz, player, position, team, Top 10

Top Quizzes Today


Score Distribution

Your Account Isn't Verified!

In order to create a playlist on Sporcle, you need to verify the email address you used during registration. Go to your Sporcle Settings to finish the process.

Report this User

Report this user for behavior that violates our Community Guidelines.

Details: